Finanční účetnictví průmyslových podniků
Gespeichert in:
| Format: | Buch |
|---|---|
| Sprache: | Tschechisch |
| Veröffentlicht: |
Praha
Ústřední svaz československého průmyslu
1948
|
| Schriftenreihe: | Průmyslová služba
sv. II. |
| Tags: |
Keine Tags, Fügen Sie das erste Tag hinzu!
|
MARC
| LEADER | 00000nam$a2200000$$$4500 | ||
|---|---|---|---|
| 001 | 0149859 | ||
| 005 | 20251029073018.8 | ||
| 041 | 0 | |a cze | |
| 044 | |a -CS | ||
| 245 | 1 | 0 | |a Finanční účetnictví průmyslových podniků |c Viktor Procházka |
| 264 | 1 | |a Praha |b Ústřední svaz československého průmyslu |c 1948 | |
| 300 | |a 375 s. | ||
| 490 | 1 | |a Průmyslová služba |v sv. II. | |
| 830 | 0 | |a Průmyslová služba |v sv. II. | |